Les meilleurs buteurs de l'histoire du Villarreal CF - Statistiques

Statistiques générales
  • Ce quiz a été pris 8 fois
  • Le résultat moyen est 3 sur 10
Statistiques - réponses
Buts Nationalité Joueur % Correct
117 Espagne Gerard Moreno
75%
43 Colombie Carlos Bacca
50%
47 France / République démocratique du Congo Cédric Bakambu
50%
59 Uruguay Diego Forlán
50%
37 Nigéria Samuel Chukwueze
38%
82 Italie Giuseppe Rossi
25%
45 Argentine Juan Román Riquelme
13%
38 Espagne Manu Trigueros
0%
57 Espagne Santi Cazorla
0%
42 Espagne Víctor Fernández
0%
Aucun quiz correspondant
Distribution des résultats
% des personnes avec chaque résultat
Percentile par nombre de réponses
Votre historique - résultats
Vous n’avez pas pris ce quiz